000 00926nam a22002177a 4500
999 _c13355
_d13355
003 AR-CdUCM
008 190415b ||||| |||| 00| 0 spa d
040 _aMUNICIPALIDAD PROVINCIAL DEL CUSCO
_cBIBLIOTECA MUNICIPAL DEL CUSCO
082 _aTS / 340.4 /
_bO31
100 _aOchante Saune, Maximiliano
_931731
245 _aApreciaciones jurídico-sociales al nuevo Control del Sistema de telecomunicaciones en el Perú /
260 _aCusco :
_bUniversidad Nacional San Antonio Abad del Cusco,
_c1978.
300 _a96 hojas ;
_c28 cm.
500 _aAntes del titulo Programa académico de derecho. Tesis presentado para optar al grado de Bachiller en Derecho.
650 _aApreciaciones jurídicas
_931732
650 _aTelecomunicaciones en Perú
_931733
650 _aLegislación Peruana
_99407
710 _aUniversidad Nacional San Antonio Abad del Cusco
_927266
942 _2ddc
_cTESIS
945 _acmm
_d2019-04-15